000 00518nam a2200181Ia 4500
008 220216s9999 xx 000 0 und d
100 _aEl Hadrami I
245 0 _aEffect of growth regulators on polyamine content and peroxidase activity in Hevea brasiliensis callus
260 _bAnnals of Botany
_c1992
300 _a323-325
650 _aHevea brasiliensis
650 _aPeroxidase
650 _aPolyamines
650 _aRubber trees
650 _aSomatic embryogenesis
700 _aDAuzac J
942 _cJS
999 _c57877
_d57877